000 01027nam a22003137a 4500
003 CHAP
005 20220329141229.0
008 120605s2000 sp r 00010 spa d
010 _a64785
011 _a65757
020 _a9788484765271
035 _a73076
040 _cCHAP
082 0 4 _a663.20028
_bP43
100 1 _aPereda Rodríguez, Miguel Ángel.
_987102
245 1 0 _aElaboración de sidra natural ecológica :
_bguía básica para aficionados
_c/por Miguel Ángel Pereda Rodríguez
260 _aMadrid :
_bMundi Prensa,
_c[2000?]
300 _a191 p.
490 _aAgroguías Mundi-Prensa
590 _aBATCH-UPD
_b10
_c20130110
_lUCH01
_h2115
590 _aBATCH-UPD
_b10
_c20130410
_lUCH01
_h0435
590 _aBATCH-UPD
_b10
_c20130914
_lUCH01
_h1907
590 _aCONVERSION
_b10
_c20130109
_lUCH01
_h1335
650 0 4 _aSidra.
_9105819
830 0 _aAgroguias Mundi-Prensa
_92183
901 _aBK
942 _cLIBRO
949 _a663.20028 P43
_bBC
_cLIBRO
_d33724002334884
_eLIBRO
_gI.c/e
_h116777
_i73076
_sb
_t$437.5
999 _c64785
_d64785